| 000 | 01598cam a2200349 a 4500 | ||
|---|---|---|---|
| 001 | 2506262 | ||
| 003 | OSt | ||
| 005 | 20140310182740.0 | ||
| 008 | 921109s1993 nyua bf 000 0 eng | ||
| 010 | _a 92042851 | ||
| 020 | _a0876284136 | ||
| 040 |
_aDLC _cDLC _dDLC |
||
| 043 | _an-us--- | ||
| 050 | 0 | 0 |
_aLC 4713.4 _b.R54 1993 |
| 100 | 1 | _aRief, Sandra F. | |
| 245 | 1 | 0 |
_aHow to reach and teach ADD/ADHD children : _bpractical techniques, strategies, and interventions for helping children with attention problems and hyperactivity / _cSandra F. Rief. |
| 260 |
_aWest Nyack, N.Y. : _bCenter for Applied Research in Education, _c1993. |
||
| 300 |
_axvi, 240 p. : _bill. ; _c28 cm. |
||
| 504 | _aIncludes bibliographical references (p. 237-240). | ||
| 521 | _aEDU | ||
| 650 | 0 |
_aAttention-deficit-disordered children _xEducation _zUnited States _xHandbooks, manuals, etc. |
|
| 650 | 0 |
_aHyperactive children _xEducation _zUnited States _xHandbooks, manuals, etc. |
|
| 650 | 0 |
_aClassroom management _zUnited States _xHandbooks, manuals, etc. |
|
| 740 | 0 | _aADD/ADHD children. | |
| 856 | 4 | 2 |
_3Contributor biographical information _uhttp://www.loc.gov/catdir/bios/wiley045/92042851.html |
| 856 | 4 | 2 |
_3Publisher description _uhttp://www.loc.gov/catdir/description/wiley039/92042851.html |
| 856 | 4 | 1 |
_3Table of contents _uhttp://www.loc.gov/catdir/toc/wiley023/92042851.html |
| 906 |
_a7 _bcbc _corignew _d1 _eocip _f19 _gy-gencatlg |
||
| 942 |
_2lcc _cBK _kFOR |
||
| 999 |
_c15538 _d15538 |
||